Encounters in magnetic resonances : selected papers of Nicolaas Bloembergen : with commentary

Đã lưu trong:
书目详细资料
主要作者: Bloembergen, N
格式: 图书
语言:Vietnamese
出版: World Scientific 1996
标签: 添加标签
没有标签, 成为第一个标记此记录!
Thư viện lưu trữ: Mạng thư viện Đại học Đà Nẵng
LEADER 00691nam a2200253 4500
001 000021692
003 18140
005 20150422150401.0
008 150422s1996 viesd
020 |c 00 
041 0 |a vie 
082 1 4 |a 538,36  |b BL-N 
100 1 |a Bloembergen, N 
245 1 0 |a Encounters in magnetic resonances : selected papers of Nicolaas Bloembergen : with commentary  |c editor Nicolaas Bloembergen. 
260 |b World Scientific  |c 1996 
300 |a tr.  |c cm. 
OWN |a LSP 
999 |a From the UDN01 
TYP |a Monograph 
TYP |a Printed language 
980 |a Mạng thư viện Đại học Đà Nẵng